[Event "Olympiad-45"]
[Site "Budapest"]
[Date "2024.09.11"]
[Round "1.20"]
[White "Gorshtein, Ido"]
[Black "Mesfin, Leykun"]
[Result "1-0"]
[WhiteElo "2543"]
[BlackElo "2118"]
[PlyCount "79"]
[EventDate "2024.09.11"]
[EventType "team-swiss"]
[EventRounds "11"]
[EventCountry "HUN"]
[SourceTitle "EXT 2025"]
[Source "ChessBase"]
[SourceDate "2024.10.14"]
[SourceVersion "1"]
[SourceVersionDate "2024.10.14"]
[SourceQuality "1"]
[WhiteTeam "Israel"]
[BlackTeam "Ethiopia"]
[WhiteTeamCountry "ISR"]
[BlackTeamCountry "ETH"]

1. d4 Nf6 2. c4 g6 3. Nc3 Bg7 4. e4 d6 5. h3 0-0 6. Be3 c5 7. d5 a6 8. a4 a5 9. Nf3 Na6 10. Be2 Nb4 11. Qd2 Bd7 12. 0-0 b6 13. Rad1 Ne8 14. Bh6 f6 15. b3 Rf7 16. Bxg7 Nxg7 17. Nh2 Qf8 18. Bg4 Qc8 19. f4 f5 20. Be2 fxe4 21. Nxe4 Nf5 22. Nf3 Qf8 23. g4 Nh6 24. Nfg5 Rg7 25. Kh2 Nf7 26. Ne6 Bxe6 27. dxe6 Nd8 28. f5 gxf5 29. gxf5 Ndc6 30. f6 exf6 31. Nxf6+ Kh8 32. Nh5 Qe7 33. Nxg7 Qxg7 34. Qxd6 Re8 35. Rg1 Qf6 36. Rdf1 Qe5+ 37. Qxe5+ Nxe5 38. e7 Ng6 39. Rxg6 hxg6 40. Rf8+ 1-0

[Event "Kazan BRICS Games Blitz Team"]
[Site "Kazan"]
[Date "2024.06.21"]
[Round "2.13"]
[White "Ayyad, Maher"]
[Black "Mesfin, Leykun"]
[Result "0-1"]
[WhiteElo "1980"]
[BlackElo "2118"]
[PlyCount "94"]
[EventDate "2024.06.21"]
[EventType "team-swiss (blitz)"]
[EventRounds "11"]
[EventCountry "RUS"]
[SourceTitle "CBM 220 Extra"]
[Source "ChessBase"]
[SourceDate "2024.07.31"]
[SourceVersion "1"]
[SourceVersionDate "2024.07.31"]
[SourceQuality "1"]
[WhiteTeam "Bahrain"]
[BlackTeam "Ethiopia"]
[WhiteTeamCountry "BHN"]
[BlackTeamCountry "ETH"]

1. d4 Nf6 2. Nf3 g6 3. g3 Bg7 4. Bg2 d5 5. 0-0 0-0 6. b3 c6 7. Bb2 Nbd7 8. c4 e6 9. Nc3 Ne8 10. Rc1 f5 11. cxd5 exd5 12. Na4 Nef6 13. Ne5 Qe7 14. f4 Ne4 15. Nc3 Ndf6 16. Rc2 Nxc3 17. Bxc3 Ne4 18. Bb2 Be6 19. Qc1 Rfc8 20. Qe3 Bf8 21. Rfc1 Rc7 22. a3 Rac8 23. b4 Nd6 24. Qb3 Nc4 25. Nxc4 dxc4 26. Qc3 Bd5 27. Re1 b5 28. e4 fxe4 29. Rce2 Qf7 30. Bxe4 Bg7 31. Bxd5 cxd5 32. Re5 Bxe5 33. dxe5 Qe6 34. Qd4 Qb6 35. Qxb6 axb6 36. Bc3 Rd7 37. Rd1 Kf7 38. Kf2 Ke6 39. Ke3 h5 40. Kd4 Ra7 41. h3 Rxa3 42. g4 hxg4 43. hxg4 Ra2 44. Rf1 Rf8 45. Rf3 Re2 46. Ba1 Re4+ 47. Kc3 Rfxf4 0-1

[Event "Kazan BRICS Games Blitz Team"]
[Site "Kazan"]
[Date "2024.06.21"]
[Round "3.13"]
[White "Mesfin, Leykun"]
[Black "Tsaruk, Maksim"]
[Result "0-1"]
[WhiteElo "2118"]
[BlackElo "2480"]
[PlyCount "78"]
[EventDate "2024.06.21"]
[EventType "team-swiss (blitz)"]
[EventRounds "11"]
[EventCountry "RUS"]
[SourceTitle "CBM 220 Extra"]
[Source "ChessBase"]
[SourceDate "2024.07.31"]
[SourceVersion "1"]
[SourceVersionDate "2024.07.31"]
[SourceQuality "1"]
[WhiteTeam "Ethiopia"]
[BlackTeam "Belarus"]
[WhiteTeamCountry "ETH"]
[BlackTeamCountry "BLR"]

1. e4 d5 2. exd5 Qxd5 3. Nc3 Qa5 4. d4 Nf6 5. Bd2 c6 6. Bc4 Bf5 7. Bb3 Nbd7 8. Qe2 Qc7 9. f3 h5 10. 0-0-0 e6 11. Nh3 Bxh3 12. gxh3 0-0-0 13. Rhg1 g6 14. Bg5 Bd6 15. Ne4 Bf4+ 16. Kb1 Bxg5 17. Nxg5 Rdf8 18. a3 h4 19. Bxe6 fxe6 20. Nxe6 Re8 21. Qc4 Qd6 22. Nc5 Nd5 23. Nxd7 Kxd7 24. Qb3 Kc7 25. c4 Nf4 26. d5 c5 27. Rg4 Re2 28. Rc1 Rhe8 29. Qb5 a6 30. Qa5+ Kb8 31. Qc3 Rxh2 32. Qg7 Ree2 33. Qg8+ Ka7 34. Qg7 Nd3 35. Rd1 Rxb2+ 36. Qxb2 Rf2 37. Ka1 Rxb2 38. Rxd3 Qe5 39. Rdd4 Rc2 0-1

[Event "Kazan BRICS Games Rapid Team"]
[Site "Kazan"]
[Date "2024.06.20"]
[Round "2.9"]
[White "Dzapshba, Ruslan"]
[Black "Mesfin, Leykun"]
[Result "0-1"]
[WhiteElo "1759"]
[BlackElo "2118"]
[PlyCount "120"]
[EventDate "2024.06.20"]
[EventType "team-swiss (rapid)"]
[EventRounds "9"]
[EventCountry "RUS"]
[SourceTitle "CBM 220 Extra"]
[Source "ChessBase"]
[SourceDate "2024.07.31"]
[SourceVersion "1"]
[SourceVersionDate "2024.07.31"]
[SourceQuality "1"]
[WhiteTeam "Abkhazia"]
[BlackTeam "Ethiopia"]
[WhiteTeamCountry "RUS"]
[BlackTeamCountry "ETH"]

1. e4 c5 2. Nc3 d6 3. g3 a6 4. Bg2 Nc6 5. d3 Nf6 6. h3 g6 7. f4 Bg7 8. Nf3 0-0 9. 0-0 e5 10. fxe5 Nxe5 11. Nxe5 dxe5 12. Be3 b6 13. Qd2 Nh5 14. Kh2 Be6 15. Rf2 Rb8 16. Raf1 f5 17. exf5 gxf5 18. Qd1 Nxg3 19. Kxg3 f4+ 20. Bxf4 exf4+ 21. Kh2 Qh4 22. Qf3 Qg3+ 23. Kh1 Bd4 24. Re2 Bf7 25. Ne4 Qxf3 26. Bxf3 Bg6 27. c3 Be3 28. Rg2 Kh8 29. Rg5 Rbd8 30. Rd1 Rf5 31. Rxf5 Bxf5 32. Kh2 h6 33. a4 a5 34. h4 Kg7 35. Kg2 Kf7 36. Kf1 Ke6 37. Ke2 Rg8 38. d4 cxd4 39. cxd4 Rd8 40. d5+ Ke5 41. Nc3 Bc2 42. Rh1 Bb3 43. Kd3 Rg8 44. Rh2 Rg3 45. Ke2 Bc4+ 46. Kd1 Rxf3 47. Nb5 Bxb5 48. axb5 Kxd5 49. Rh1 Kc4 50. Kc2 Kxb5 51. Rd1 Kb4 52. Rd6 h5 53. Rh6 Rf2+ 54. Kd3 Rd2+ 55. Ke4 Rd4+ 56. Kf3 Rd5 57. Re6 Kb3 58. Rg6 Kxb2 59. Rg2+ Kb3 60. Rg6 a4 0-1

[Event "Kazan BRICS Games Blitz"]
[Site "Kazan"]
[Date "2024.06.19"]
[Round "8"]
[White "Bongo Akanga Ndjila, Barthelemy"]
[Black "Mesfin, Leykun"]
[Result "1-0"]
[WhiteElo "1894"]
[BlackElo "2118"]
[PlyCount "79"]
[EventDate "2024.06.19"]
[EventType "swiss (blitz)"]
[EventRounds "11"]
[EventCountry "RUS"]
[SourceTitle "CBM 220 Extra"]
[Source "ChessBase"]
[SourceDate "2024.07.31"]
[SourceVersion "1"]
[SourceVersionDate "2024.07.31"]
[SourceQuality "1"]

1. d4 Nf6 2. c4 g6 3. Nc3 Bg7 4. e4 d6 5. Nge2 0-0 6. Ng3 Nc6 7. d5 Nb8 8. Be2 e6 9. 0-0 e5 10. h3 a6 11. Be3 Nbd7 12. b4 Ne8 13. c5 f5 14. c6 Ndf6 15. Bg5 f4 16. Nh1 b6 17. a4 h6 18. Bxf6 Nxf6 19. f3 h5 20. Nf2 g5 21. Ra2 Rf7 22. Ra3 Bh6 23. Qc2 Rg7 24. Kh2 g4 25. fxg4 hxg4 26. Nxg4 Bxg4 27. hxg4 Rxg4 28. Nd1 Rg3 29. Rxg3+ fxg3+ 30. Kxg3 Bf4+ 31. Kf2 Nh7 32. g3 Bg5 33. Kg2 Qe7 34. Bg4 Rf8 35. Be6+ Kh8 36. Rxf8+ Nxf8 37. Bf5 Qg7 38. Kf3 Bf6 39. Qh2+ Kg8 40. Qh5 1-0

[Event "Titled Tuesday intern op 08th Aug Early"]
[Site "Chess.com INT"]
[Date "2023.08.08"]
[Round "2"]
[White "Sisabayev, Kuanysh"]
[Black "Mesfin, Leykun"]
[Result "1-0"]
[WhiteElo "2229"]
[BlackElo "2099"]
[PlyCount "75"]
[EventDate "2023.08.08"]
[EventType "swiss (blitz)"]
[EventRounds "11"]
[EventCountry "USA"]
[SourceTitle "EXT 2024"]
[Source "ChessBase"]
[SourceDate "2023.10.10"]
[SourceVersion "1"]
[SourceVersionDate "2023.10.10"]
[SourceQuality "1"]

1. d4 Nf6 2. Nf3 g6 3. c4 Bg7 4. Nc3 d6 5. e4 0-0 6. h3 Nc6 7. Be3 e5 8. d5 Ne7 9. Be2 Ne8 10. Nd2 f5 11. f3 f4 12. Bf2 g5 13. Qc2 Ng6 14. 0-0-0 a6 15. Kb1 Bf6 16. c5 Bd7 17. Nb3 Kh8 18. Rc1 Ng7 19. Na5 Rb8 20. Nxb7 Rxb7 21. c6 Rb8 22. cxd7 Qxd7 23. Qa4 Qxa4 24. Nxa4 Rb4 25. b3 Rfb8 26. Ka1 c5 27. dxc6 d5 28. c7 Rc8 29. Nb6 Rxb6 30. Bxb6 dxe4 31. fxe4 Ne6 32. Bg4 Ngf8 33. Rhd1 Kg7 34. Rc6 Kf7 35. Rdd6 Nd4 36. Rxf6+ Kg7 37. Bxd4 exd4 38. Bxc8 1-0

[Event "Addis Ababa zt 4.4"]
[Site "Addis Ababa"]
[Date "2022.05.03"]
[Round "2"]
[White "Haitham, Mohammed Abdalrasoo"]
[Black "Mesfin, Leykun"]
[Result "0-1"]
[WhiteElo "1982"]
[BlackElo "2102"]
[PlyCount "115"]
[EventDate "2022.05.02"]
[EventType "swiss"]
[EventRounds "9"]
[EventCountry "ETH"]
[SourceTitle "CBM 208 Extra"]
[Source "ChessBase"]
[SourceDate "2022.07.31"]
[SourceVersion "1"]
[SourceVersionDate "2022.07.31"]
[SourceQuality "1"]

1. Nf3 Nf6 2. b3 g6 3. Bb2 Bg7 4. e3 d6 5. d4 d5 6. c4 c6 7. cxd5 cxd5 8. Bb5+ Bd7 9. Bxd7+ Nbxd7 10. Nbd2 0-0 11. Rc1 Qa5 12. a4 Rfc8 13. 0-0 Qa6 14. Ne5 Nxe5 15. dxe5 Nd7 16. f4 e6 17. Nf3 Nc5 18. Nd4 Ne4 19. Nb5 Bf8 20. Nc7 Rxc7 21. Rxc7 Qb6 22. Rc2 Qxe3+ 23. Kh1 Qxb3 24. Re2 Qxd1 25. Rxd1 Bc5 26. Bd4 b6 27. g3 h5 28. Rc2 Kg7 29. Kg2 Kh6 30. h4 Kg7 31. Rd3 Rc8 32. Kf3 Rc7 33. Rd1 Rd7 34. Rd3 Rd8 35. Rd1 Rf8 36. Rd3 Rc8 37. Rd1 Rf8 38. a5 Rd8 39. Bg1 Rd7 40. axb6 axb6 41. Ra2 Kh7 42. Ra8 Bxg1 43. Rxg1 Rc7 44. Rb8 Rc3+ 45. Ke2 Nxg3+ 46. Kd2 Ne4+ 47. Ke2 Rh3 48. Ra1 Rxh4 49. Raa8 Kg7 50. Rh8 f6 51. Rag8+ Kf7 52. Ke3 fxe5 53. Rf8+ Kg7 54. Rfg8+ Kf6 55. Rb8 d4+ 56. Ke2 Rxf4 57. Kd3 Nc5+ 58. Kc4 0-1

[Event "Addis Ababa zt 4.4"]
[Site "Addis Ababa"]
[Date "2022.05.03"]
[Round "3"]
[White "Mesfin, Leykun"]
[Black "Omar, Abdulrahman"]
[Result "1-0"]
[WhiteElo "2102"]
[BlackElo "2005"]
[PlyCount "62"]
[EventDate "2022.05.02"]
[EventType "swiss"]
[EventRounds "9"]
[EventCountry "ETH"]
[SourceTitle "CBM 208 Extra"]
[Source "ChessBase"]
[SourceDate "2022.07.31"]
[SourceVersion "1"]
[SourceVersionDate "2022.07.31"]
[SourceQuality "1"]

1. e4 e5 2. Nf3 Nf6 3. Nc3 d6 4. d4 exd4 5. Qxd4 Nc6 6. Bb5 Bd7 7. Bxc6 Bxc6 8. Bf4 Be7 9. 0-0-0 0-0 10. Rhe1 Nd7 11. Kb1 Bf6 12. Qd2 Bxc3 13. Qxc3 Qf6 14. Qxf6 gxf6 15. Nd4 Rfe8 16. f3 Ne5 17. b3 Bd7 18. Bc1 Nc6 19. Ne2 f5 20. Nf4 Rac8 21. Bb2 Be6 22. Nh5 h6 23. Nf6+ Kf8 24. exf5 Bxf5 25. f4 Be6 26. g4 Red8 27. f5 Bd7 28. Rd3 Be8 29. Rh3 Ne5 30. Rxh6 Bc6 31. g5 Ke7 1-0

[Event "Africa-ch Blitz"]
[Site "Casablanca"]
[Date "2019.08.28"]
[Round "9.11"]
[White "Mesfin, Leykun"]
[Black "Zaibi, Amir"]
[Result "0-1"]
[WhiteElo "2031"]
[BlackElo "2233"]
[PlyCount "62"]
[EventDate "2019.08.28"]
[EventType "swiss (blitz)"]
[EventRounds "9"]
[EventCountry "MAR"]
[SourceTitle "EXT 2024"]
[Source "ChessBase"]
[SourceDate "2023.10.10"]
[SourceVersion "1"]
[SourceVersionDate "2023.10.10"]
[SourceQuality "1"]

1. e4 c5 2. Nf3 Nc6 3. d4 cxd4 4. Nxd4 e5 5. Nxc6 bxc6 6. Bd3 Nf6 7. 0-0 Bc5 8. Qe2 0-0 9. c4 d6 10. Nc3 a5 11. Bg5 h6 12. Bh4 Qe7 13. Rad1 a4 14. b3 axb3 15. axb3 g5 16. Bg3 Bg4 17. Qc2 Bxd1 18. Rxd1 Qa7 19. Na4 Bd4 20. Kh1 Nd7 21. h4 Nc5 22. Nxc5 Bxc5 23. hxg5 hxg5 24. Qd2 Qe7 25. b4 Bd4 26. b5 cxb5 27. cxb5 Kg7 28. Bc4 Ra3 29. Bh2 Qf6 30. Kg1 Rh8 31. Qb4 Qxf2+ 0-1

[Event "Africa-ch Blitz"]
[Site "Casablanca"]
[Date "2019.08.28"]
[Round "8.16"]
[White "Naipal, Hoolan"]
[Black "Mesfin, Leykun"]
[Result "0-1"]
[WhiteElo "1785"]
[BlackElo "2031"]
[PlyCount "54"]
[EventDate "2019.08.28"]
[EventType "swiss (blitz)"]
[EventRounds "9"]
[EventCountry "MAR"]
[SourceTitle "EXT 2024"]
[Source "ChessBase"]
[SourceDate "2023.10.10"]
[SourceVersion "1"]
[SourceVersionDate "2023.10.10"]
[SourceQuality "1"]

1. e4 c5 2. Nf3 d6 3. d4 cxd4 4. Nxd4 Nf6 5. Nc3 a6 6. g3 e5 7. Nde2 Be6 8. Bg2 Nc6 9. 0-0 Be7 10. Bg5 0-0 11. h4 h6 12. Bxf6 Bxf6 13. Nd5 Bxd5 14. Qxd5 Qc7 15. Rfd1 Rad8 16. Qd2 b5 17. Nc3 Qd7 18. Nd5 Qe6 19. c3 Ne7 20. a4 Nxd5 21. Qxd5 Qe8 22. axb5 axb5 23. Ra5 Rb8 24. Qxd6 b4 25. c4 Qc8 26. b3 Rd8 27. Rc5 Qg4 0-1

[Event "Africa-chT rapid"]
[Site "Casablanca"]
[Date "2019.08.24"]
[Round "5.7"]
[White "Amba, Oyon Marius Claude"]
[Black "Mesfin, Leykun"]
[Result "1/2-1/2"]
[WhiteElo "1911"]
[BlackElo "2151"]
[PlyCount "127"]
[EventDate "2019.08.24"]
[EventType "team-swiss (rapid)"]
[EventRounds "9"]
[EventCountry "MAR"]
[SourceTitle "EXT 2020"]
[Source "ChessBase"]
[SourceDate "2019.10.17"]
[SourceVersion "1"]
[SourceVersionDate "2019.10.17"]
[SourceQuality "1"]
[WhiteTeam "Cameroon"]
[BlackTeam "Ethiopia"]
[WhiteTeamCountry "CAM"]
[BlackTeamCountry "ETH"]

1. e4 c5 2. Nf3 d6 3. d4 cxd4 4. Nxd4 Nf6 5. Nc3 a6 6. f4 e5 7. Nf3 Qc7 8. Bd3 Nc6 9. 0-0 Be7 10. Kh1 Bd7 11. Qe1 0-0-0 12. a3 Bg4 13. fxe5 dxe5 14. Bg5 Bxf3 15. Rxf3 Nd4 16. Rf1 Kb8 17. Bxf6 Bxf6 18. Nd5 Qd6 19. Qf2 Rc8 20. Rac1 Bg5 21. Rcd1 f6 22. c3 Ne6 23. Bc2 Qc5 24. Qxc5 Rxc5 25. b4 Rcc8 26. Bb3 Nf4 27. c4 Ne2 28. c5 Nd4 29. Ba4 Rcd8 30. Nb6 Kc7 31. Nc4 h5 32. Nd6 b5 33. Rxd4 exd4 34. Bb3 Rxd6 35. cxd6+ Kxd6 36. Rf5 Be3 37. Rd5+ Kc6 38. g3 h4 39. Kg2 hxg3 40. hxg3 Re8 41. Kf3 Kc7 42. a4 Re5 43. axb5 axb5 44. Bc2 Rxd5 45. exd5 Kd6 46. Ke4 Bf2 47. g4 Be1 48. Bd3 Bxb4 49. Bxb5 Bc5 50. Bc4 g6 51. Bb5 Bb6 52. Be8 g5 53. Bc6 Bc5 54. Ba4 Ke7 55. Bb3 Kd6 56. Bc4 Bb6 57. Bd3 Ke7 58. Kf5 Bc7 59. Bc4 Be5 60. Bd3 Kd6 61. Ke4 Kc5 62. Ba6 Bf4 63. Bd3 Be5 64. Ba6 1/2-1/2

[Event "Olympiad-42"]
[Site "Baku"]
[Date "2016.09.11"]
[Round "9.1"]
[White "Mesfin, Leykun"]
[Black "Tagelsir, Abubaker"]
[Result "1-0"]
[WhiteElo "2129"]
[BlackElo "2216"]
[PlyCount "67"]
[EventDate "2016.09.02"]
[EventType "team-swiss"]
[EventRounds "11"]
[EventCountry "AZE"]
[SourceTitle "CBM 175"]
[Source "ChessBase"]
[SourceDate "2016.11.10"]
[SourceVersion "1"]
[SourceVersionDate "2016.11.10"]
[SourceQuality "1"]
[WhiteTeam "Ethiopia"]
[BlackTeam "Sudan"]
[WhiteTeamCountry "ETH"]
[BlackTeamCountry "SUD"]

1. e4 d6 2. d4 Nf6 3. Nc3 g6 4. f4 Bg7 5. Nf3 c5 6. d5 0-0 7. Bd3 Qb6 8. a4 c4 9. Bf1 e6 10. a5 Qc7 11. Be3 exd5 12. Nxd5 Nxd5 13. Qxd5 Bxb2 14. Rb1 Bg7 15. Be2 Nd7 16. 0-0 a6 17. Bxc4 Nf6 18. Qd3 Qxa5 19. Bb6 Qh5 20. Qxd6 Nxe4 21. Qe7 Nc3 22. Ng5 Be6 23. Bxe6 fxe6 24. Qxe6+ Kh8 25. Rbe1 h6 26. g4 Qh4 27. Bf2 hxg5 28. Bxh4 gxh4 29. Qxg6 Rf6 30. Re8+ Rxe8 31. Qxe8+ Rf8 32. Qh5+ Kg8 33. g5 h3 34. f5 1-0

[Event "Olympiad-42"]
[Site "Baku"]
[Date "2016.09.06"]
[Round "5.1"]
[White "Mesfin, Leykun"]
[Black "Rayes, Abdul Kader"]
[Result "1-0"]
[WhiteElo "2129"]
[BlackElo "2254"]
[PlyCount "243"]
[EventDate "2016.09.02"]
[EventType "team-swiss"]
[EventRounds "11"]
[EventCountry "AZE"]
[SourceTitle "CBM 175"]
[Source "ChessBase"]
[SourceDate "2016.11.10"]
[SourceVersion "1"]
[SourceVersionDate "2016.11.10"]
[SourceQuality "1"]
[WhiteTeam "Ethiopia"]
[BlackTeam "Syria"]
[WhiteTeamCountry "ETH"]
[BlackTeamCountry "SYR"]

1. e4 e5 2. Nf3 Nc6 3. Bb5 a6 4. Ba4 Nf6 5. 0-0 Be7 6. Re1 b5 7. Bb3 d6 8. c3 0-0 9. h3 Nb8 10. d4 Nbd7 11. Nbd2 Bb7 12. Bc2 Re8 13. Nf1 Bf8 14. Ng3 g6 15. Bg5 h6 16. Bd2 c5 17. d5 c4 18. Nh2 h5 19. Nf3 Be7 20. Bh6 Nh7 21. Qd2 Nc5 22. Rad1 Bf6 23. Be3 Rc8 24. Bb1 Rc7 25. Kh2 Bc8 26. Qe2 Qe7 27. Bc1 Kh8 28. Nf1 Bd7 29. Ne3 Kg7 30. g3 Rh8 31. Kg2 Rcc8 32. Rh1 Ng5 33. Nxg5 Bxg5 34. Rdf1 Rce8 35. Bc2 Bc8 36. f3 h4 37. g4 Bf4 38. Rd1 Bd7 39. Rhe1 Qf6 40. Nf1 Re7 41. Be3 Rc8 42. Qd2 Be8 43. Bxf4 exf4 44. Qf2 Re5 45. Nd2 Qd8 46. Nb1 Kh6 47. Na3 Bd7 48. Bb1 Qf6 49. Qd2 Kg7 50. Rf1 Ree8 51. Nc2 Nd3 52. Nd4 Ne5 53. Ne2 g5 54. Nd4 Rc5 55. Rfe1 Rec8 56. Rc1 Qd8 57. Re2 Qb6 58. a3 Rb8 59. Rce1 Rcc8 60. Rd1 Qc5 61. Rde1 Rc7 62. Rd1 Kf8 63. Nf5 Bxf5 64. exf5 f6 65. Be4 Kg7 66. Qd4 Kh6 67. Qxc5 Rxc5 68. Kf2 Kg7 69. Ke1 Re8 70. Rdd2 Nd7 71. Kd1 Re5 72. Kc2 Nb6 73. Rf2 Kf7 74. Rd4 Nxd5 75. Kc1 Ne3 76. Rxd6 a5 77. Rfd2 b4 78. Rd7+ Re7 79. Rd8 bxa3 80. bxa3 Rb5 81. Rh8 Rbe5 82. Rh7+ Kg8 83. Rh6 Kg7 84. Rg6+ Kf7 85. Rd6 Rxe4 86. Rgxf6+ Ke8 87. fxe4 f3 88. Rd2 Rd7 89. Rf2 Rd1+ 90. Kb2 Rd3 91. Rxf3 Nd1+ 92. Kc2 Rxf3 93. Kxd1 Rxh3 94. e5 Rxc3 95. e6 Rxa3 96. Rg6 Re3 97. Kd2 Re4 98. Rxg5 Ke7 99. Rg7+ Kd6 100. Rd7+ Kc6 101. g5 Re5 102. f6 h3 103. Rh7 Kd6 104. Rxh3 Kxe6 105. Rg3 Rd5+ 106. Kc3 Rd8 107. Kxc4 Rb8 108. Ra3 Rc8+ 109. Kd4 Ra8 110. Ke4 a4 111. Kf4 Ra5 112. Kg4 Ra8 113. Kh5 Kf5 114. Rf3+ Ke4 115. Rf1 a3 116. f7 a2 117. g6 Rb8 118. Ra1 Kf4 119. g7 Rb5+ 120. Kg6 Rg5+ 121. Kf6 Rg2 122. g8Q 1-0

[Event "Olympiad-42"]
[Site "Baku"]
[Date "2016.09.03"]
[Round "2.1"]
[White "Mesfin, Leykun"]
[Black "Lodhi, Mahmood"]
[Result "1/2-1/2"]
[WhiteElo "2129"]
[BlackElo "2334"]
[PlyCount "261"]
[EventDate "2016.09.02"]
[EventType "team-swiss"]
[EventRounds "11"]
[EventCountry "AZE"]
[SourceTitle "CBM 175"]
[Source "ChessBase"]
[SourceDate "2016.11.10"]
[SourceVersion "1"]
[SourceVersionDate "2016.11.10"]
[SourceQuality "1"]
[WhiteTeam "Ethiopia"]
[BlackTeam "Pakistan"]
[WhiteTeamCountry "ETH"]
[BlackTeamCountry "PAK"]

1. e4 e5 2. Nf3 Nc6 3. Bb5 a6 4. Ba4 Nf6 5. 0-0 Be7 6. Re1 b5 7. Bb3 0-0 8. c3 d6 9. h3 Na5 10. Bc2 c5 11. d4 Qc7 12. Nbd2 Bd7 13. d5 c4 14. Nf1 Nb7 15. Ng3 Nc5 16. Bg5 g6 17. Qd2 a5 18. Rad1 Qb6 19. Kh2 b4 20. Bh4 b3 21. axb3 cxb3 22. Bb1 a4 23. Qh6 Rfe8 24. Bg5 a3 25. bxa3 Rxa3 26. Qh4 Qd8 27. Kg1 Ra6 28. Re3 h5 29. Nxe5 dxe5 30. d6 Rxd6 31. Rxd6 Bxd6 32. Bxf6 Be7 33. Nxh5 Bxf6 34. Nxf6+ Kg7 35. Nxe8+ Qxe8 36. f4 Qb8 37. f5 Qb6 38. Kh2 Qf6 39. Qf2 Qd6 40. fxg6 fxg6 41. Qe2 Be6 42. Rf3 Qd7 43. Rf1 Qc6 44. Qf3 Nd7 45. Rd1 Qc5 46. Qd3 Qf2 47. Qd2 Qf4+ 48. Qxf4 exf4 49. c4 Kf6 50. e5+ Nxe5 51. c5 b2 52. c6 Nxc6 53. Rd2 Ne5 54. Rxb2 g5 55. Rb6 Nd7 56. Rc6 Ke5 57. Kg1 Nf6 58. Rc5+ Nd5 59. Ba2 Kd4 60. Bxd5 Bxd5 61. Rc8 Be6 62. Re8 Ke5 63. Kf2 Kf6 64. Rb8 Bf7 65. Rb6+ Kf5 66. g3 fxg3+ 67. Kxg3 Bh5 68. Rb8 Be2 69. Rf8+ Kg6 70. Rf2 Bc4 71. Rc2 Be6 72. Rc5 Kf6 73. Ra5 Bc8 74. Rb5 Bd7 75. Rb6+ Kf5 76. Kf3 Ke5 77. Rh6 Kf5 78. Ke3 Ke5 79. Rh8 Bf5 80. Rh5 Kf6 81. h4 gxh4 82. Rxh4 Kg5 83. Ra4 Bc2 84. Ra5+ Kg4 85. Rc5 Bf5 86. Rc7 Bb1 87. Rb7 Bc2 88. Rc7 Bb1 89. Rg7+ Kf5 90. Rg1 Ba2 91. Kd4 Bf7 92. Rf1+ Ke6 93. Re1+ Kf6 94. Re5 Be6 95. Rb5 Bf7 96. Ke4 Bg6+ 97. Kf4 Bd3 98. Rb6+ Kg7 99. Kg5 Kf7 100. Rf6+ Ke7 101. Rf3 Bc2 102. Rc3 Bb1 103. Rb3 Bc2 104. Rb2 Bd3 105. Kf4 Kf6 106. Rb6+ Kg7 107. Ke5 Bc4 108. Rd6 Bb3 109. Rd4 Bc2 110. Rf4 Bd3 111. Ke6 Bc2 112. Rg4+ Kh6 113. Kf6 Kh5 114. Rg2 Be4 115. Rb2 Bd3 116. Rb3 Bc2 117. Rc3 Bb1 118. Rc4 Bd3 119. Rb4 Bc2 120. Rb2 Bd3 121. Ra2 Bb1 122. Rd2 Be4 123. Ke5 Bb1 124. Kf4 Kg6 125. Rd6+ Kg7 126. Kg5 Kf7 127. Rf6+ Ke7 128. Rf2 Bd3 129. Rd2 Bb1 130. Re2+ Kf7 131. Rb2 1/2-1/2

[Event "Africa zt 4.2"]
[Site "Kamwokya"]
[Date "2015.04.24"]
[Round "8"]
[White "Omolo, Keneth"]
[Black "Mesfin, Leykun"]
[Result "0-1"]
[WhiteElo "2121"]
[BlackElo "2090"]
[PlyCount "90"]
[EventDate "2015.04.18"]
[EventType "swiss"]
[EventRounds "9"]
[EventCountry "UGA"]
[SourceTitle "CBM 166 Extra"]
[Source "ChessBase"]
[SourceDate "2015.06.18"]
[SourceVersion "1"]
[SourceVersionDate "2015.06.18"]
[SourceQuality "1"]

1. d4 Nf6 2. Nf3 g6 3. c4 Bg7 4. Nc3 d5 5. Qb3 dxc4 6. Qxc4 0-0 7. e4 b6 8. e5 Ng4 9. h3 Nh6 10. Bg5 c6 11. Rd1 Ba6 12. Qb3 Bxf1 13. Kxf1 Kh8 14. h4 f6 15. Ke2 Qc8 16. Rh3 Ng4 17. h5 fxg5 18. hxg6 Bh6 19. Rdh1 Kg7 20. gxh7 Qf5 21. Rxh6 Nxh6 22. Rxh6 Kh8 23. Rh5 Na6 24. Rxg5 Qxh7 25. Rg3 Rf5 26. Ng5 Qh5+ 27. Nf3 Qh7 28. Qe6 Raf8 29. Rg6 Qf7 30. Qxc6 Nb4 31. Qe6 Rxf3 32. Qxf7 R3xf7 33. f3 Rg8 34. Rh6+ Rh7 35. Re6 Rxg2+ 36. Ke3 Rxb2 37. d5 Rc2 38. Kd4 Rh4+ 39. Ne4 b5 40. d6 Rc4+ 41. Ke3 exd6 42. exd6 Nd5+ 43. Kf2 Rc2+ 44. Kg3 Rh3+ 45. Kg4 Rg2+ 0-1

[Event "Africa zt 4.2"]
[Site "Kamwokya"]
[Date "2015.04.23"]
[Round "7"]
[White "Mesfin, Leykun"]
[Black "Mdoe, Yusuf"]
[Result "1-0"]
[WhiteElo "2090"]
[BlackElo "1722"]
[PlyCount "57"]
[EventDate "2015.04.18"]
[EventType "swiss"]
[EventRounds "9"]
[EventCountry "UGA"]
[SourceTitle "CBM 166 Extra"]
[Source "ChessBase"]
[SourceDate "2015.06.18"]
[SourceVersion "1"]
[SourceVersionDate "2015.06.18"]
[SourceQuality "1"]

1. e4 c5 2. Nf3 d6 3. d4 cxd4 4. Nxd4 Nf6 5. Nc3 a6 6. Be3 e6 7. f3 b5 8. Qd2 Bb7 9. 0-0-0 Be7 10. Bd3 Nfd7 11. Kb1 0-0 12. Nce2 Nc5 13. Ng3 Nxd3 14. Qxd3 Nc6 15. Nxc6 Bxc6 16. Bd4 e5 17. Be3 Qc7 18. Qd2 Rfd8 19. Qf2 Rab8 20. Nf5 Bf8 21. Qg3 g6 22. Bg5 Re8 23. a4 f6 24. Bc1 Kh8 25. Ne3 Qf7 26. Nd5 Bb7 27. b3 f5 28. h3 Re6 29. exf5 1-0